[Event "XXIX Andorra Open"]
[Site "Arinsal AND"]
[Date "2011.07.20"]
[Round "5.15"]
[White "Moussard,J"]
[Black "Karasik,E"]
[Result "0-1"]
[WhiteElo "2426"]
[BlackElo "2249"]

1.e4 c5 2.Nf3 Nc6 3.Nc3 e6 4.d4 cxd4 5.Nxd4 Nf6 6.Ndb5 d6 7.Bf4 e5 8.Bg5 a6
9.Na3 Be6 10.Nc4 Rc8 11.Bxf6 gxf6 12.Ne3 Bh6 13.Ncd5 Bxe3 14.Nxe3 Qb6 15.Qb1 Ne7
16.c3 d5 17.Be2 dxe4 18.O-O f5 19.Rd1 Rg8 20.c4 f4 21.Nd5 Nxd5 22.cxd5 Bh3
23.Qxe4 Bxg2 24.Qxe5+ Kf8 25.Qxf4 Re8 26.Bc4 Bxd5+ 27.Kf1 Bg2+ 28.Kg1 Bh3+
29.Kh1 Qc6+ 30.f3 Bg2+ 31.Kg1 Qb6+ 32.Rd4 Bxf3+ 33.Kf1 Bg2+ 34.Kf2 Qxb2+
35.Rd2 Qb6+ 36.Rd4 Rg7 37.Rd1 Bh3 38.Rg1 Qb2+ 39.Rd2 Qb6+ 40.Rd4 Bf5 41.Rxg7 Kxg7
42.Kg2 Qg6+ 43.Kf2 Qb6 44.Kg2 Qb2+ 45.Rd2 Qe5 46.Rd4 Qxf4 47.Rxf4 Re5 48.Kf3 b5
49.Bf1 Rc5 50.a4 bxa4 51.Rxa4 a5 52.Ke3 Bd7 53.Ra3 Rh5 54.Ra2 Be6 55.Ra1 Bb3
56.Kf3 a4 57.h3 Rf5+ 58.Ke4 Ra5 59.Kd4 Rd5+ 60.Kc3 Rd1 61.Kb2 Rxa1 62.Kxa1 Kf6
63.Bd3 h6 64.Kb2 Ke5 65.Kc3 Kf4 66.Bb5 f5 67.Bd7 Ke4 68.Kd2 a3 69.Kc3 Bd5  0-1

[Event "XXIX Andorra Open"]
[Site "Arinsal AND"]
[Date "2011.07.20"]
[Round "5.11"]
[White "Popilski,G"]
[Black "Riff,JN"]
[Result "0-1"]
[WhiteElo "2376"]
[BlackElo "2493"]

1.e4 c5 2.Nf3 e6 3.d4 cxd4 4.Nxd4 Nc6 5.Nc3 d6 6.g4 h6 7.Be3 Nf6 8.h3 a6
9.Bg2 Ne5 10.Qe2 g5 11.O-O-O Nfd7 12.f4 gxf4 13.Bxf4 b5 14.Qf2 Bb7 15.Nce2 Qc7
16.Ng3 O-O-O 17.Kb1 Kb8 18.Rhf1 Rh7 19.Nh5 Be7 20.Bc1 Rc8 21.b3 Nc5 22.Qe2 Qb6
23.Bb2 b4 24.Nf3 Nxf3 25.Bxf3 a5 26.Qg2 a4 27.Rd2 Bg5 28.Rdd1 a3 29.Ba1 e5
30.Ng3 f6 31.Nf5 Rd7 32.Qf2 Qc7 33.Rfe1 Ba6 34.Ne3 Qc6 35.Nd5 Rb7 36.Re3 Bxe3
37.Nxe3 Nxe4 38.Bxe4 Qxe4 39.Rxd6 Rc6 40.Rd8+ Kc7 41.Rd1 Kc8 42.Qf5+ Qxf5
43.gxf5 Rd7  0-1

[Event "13th Sant Marti Open"]
[Site "Barcelona ESP"]
[Date "2011.07.20"]
[Round "8"]
[White "Cuartas,Ja"]
[Black "Neffe,A"]
[Result "1-0"]
[WhiteElo "2542"]
[BlackElo "2260"]

1.e4 c5 2.Nf3 e6 3.d4 cxd4 4.Nxd4 Nc6 5.Nc3 Qc7 6.f4 a6 7.Nxc6 Qxc6 8.Bd3 b5
9.Qe2 Bb7 10.Bd2 Bc5 11.a3 Ne7 12.O-O-O O-O-O 13.Rhf1 g6 14.g3 f5 15.Kb1 Kb8
16.Rfe1 Rc8 17.Be3 Rhd8 18.Bxc5 Qxc5 19.Rd2 b4 20.axb4 Qxb4 21.Na2 Qa4 22.c3 Rc7
23.Nb4 Rc5 24.Bc2 Qa5 25.Qd1 Kc8 26.Nd3 Rb5 27.c4 fxe4 28.cxb5 exd3 29.Rxd3 axb5
30.Rc3+ Bc6 31.Qd6 Nd5 32.Rxc6+ dxc6 33.Qxc6+ Nc7 34.Rxe6 Qa7 35.Re1 Qf2
36.Rc1 Rd7 37.Bf5  1-0

[Event "2nd Vaujany Open A"]
[Site "Vaujany FRA"]
[Date "2011.07.20"]
[Round "7.20"]
[White "Py,W"]
[Black "Bea,B"]
[Result "0-1"]
[WhiteElo "2085"]
[BlackElo "2143"]

1.e4 c5 2.Nf3 e6 3.d4 cxd4 4.Nxd4 Nc6 5.Nc3 Qc7 6.Be2 a6 7.O-O Nf6 8.Kh1 Be7
9.f4 d6 10.Bf3 O-O 11.Be3 Nxd4 12.Qxd4 e5 13.Qd2 exf4 14.Bxf4 Be6 15.Rad1 Rfd8
16.h3 Rac8 17.Qf2 b5 18.a3 Nd7 19.Rd2 Nb6 20.Be2 Bf6 21.Be3 Nc4 22.Bxc4 Qxc4
23.Bd4 Be5 24.Nd5 Bxd5 25.exd5 Rd7 26.Bxe5 dxe5 27.Rfd1 Rd6 28.Qe3 Re8 29.b3 Qc7
30.Rc1 Qa5 31.c4 Qxa3 32.Rd3 Rg6 33.c5  0-1

[Event "Najdorf Memorial"]
[Site "Warsaw POL"]
[Date "2011.07.20"]
[Round "7.24"]
[White "Poswiatowski,M"]
[Black "Warszawski,B"]
[Result "1/2-1/2"]
[WhiteElo "1971"]
[BlackElo "2296"]

1.e4 c5 2.Nf3 e6 3.d4 cxd4 4.Nxd4 Nc6 5.Nc3 Qc7 6.Be2 a6 7.O-O Nf6 8.Be3 b5
9.a3 Bb7 10.f4 d6 11.Bf3 Nxd4 12.Qxd4 e5 13.Qb6 Qxb6 14.Bxb6 Nd7 15.Be3 exf4  1/2-1/2

[Event "16th Balaguer Open"]
[Site "Balaguer ESP"]
[Date "2011.07.21"]
[Round "5"]
[White "Ivanov Markov,R"]
[Black "Perez Cabas,J"]
[Result "0-1"]
[WhiteElo "1715"]
[BlackElo "1959"]

1.e4 c5 2.Nf3 e6 3.d4 cxd4 4.Nxd4 Nc6 5.Nc3 Qc7 6.Be3 Nf6 7.Bd3 a6 8.a3 Ne5
9.h3 Bc5 10.f4 Bxd4 11.Bxd4 Nxd3+ 12.Qxd3 Qxf4 13.Qf3 Qh4+ 14.g3 Qg5 15.Rf1 e5
16.h4 Qg6 17.Bxe5 Ng4 18.Qf5 Qxf5 19.Rxf5 d6 20.Bxd6 Bxf5 21.exf5 Ne3 22.Kf2 Nxf5
23.Bf4 O-O 24.Ne4 Rfe8 25.Nc5 Rac8 26.b4 b6 27.Nxa6 Rxc2+ 28.Kf3 h5 29.Nc7 Nd4+  0-1

[Event "Open NK"]
[Site "Dieren NED"]
[Date "2011.07.21"]
[Round "3"]
[White "Vovk, Andrey"]
[Black "Van der Linden, Lucas"]
[Result "1-0"]
[WhiteElo "2551"]
[BlackElo "2275"]

1.e4 c5 2.Nf3 e6 3.d4 cxd4 4.Nxd4 Nc6 5.Nc3 Qc7 6.Be3 a6 7.Qd2 Nf6 8.O-O-O Bb4
9.f3 Ne5 10.Nb3 b5 11.Qe1 Be7 12.f4 Ng6 13.e5 Ng4 14.Bd3 Bb7 15.Ne4 Nxe3
16.Qxe3 O-O 17.h4 f5 18.exf6 Bxf6 19.g3 Ne7 20.Nxf6+ Rxf6 21.Rhe1 Nf5 22.Qf2 Rc8
23.Re5 Ne7 24.Re2 Bd5 25.Kb1 Nc6 26.c3 Na5 27.Nd2 Rff8 28.Be4 Bxe4+ 29.Nxe4 Nc4
30.Qd4 Rcd8 31.Nc5 a5 32.f5 e5 33.Qd5+ Kh8 34.g4 Rc8 35.Ne4 Qb6 36.Nd6 Nxd6
37.Qxd6 Qxd6 38.Rxd6 Rc5 39.Rxd7 h5 40.Rg2 hxg4 41.Rxg4 Rxf5 42.Rgxg7 Rh5
43.Rge7 Rc8 44.Rd5 b4 45.Rxa5 bxc3 46.b3 Rxh4 47.Raxe5 c2+ 48.Kc1 Rh6 49.Re8+  1-0

[Event "Open NK"]
[Site "Dieren NED"]
[Date "2011.07.21"]
[Round "3"]
[White "Ly, Moulthun"]
[Black "Vovk, Yuri"]
[Result "0-1"]
[WhiteElo "2369"]
[BlackElo "2564"]

1.e4 c5 2.Nf3 Nc6 3.d4 cxd4 4.Nxd4 e6 5.Nc3 a6 6.Be2 Qc7 7.a4 Nf6 8.O-O Nxd4
9.Qxd4 Bd6 10.Kh1 Be5 11.Qd3 b6 12.f4 Bxc3 13.bxc3 Bb7 14.Bf3 d5 15.exd5 Nxd5
16.c4 Ne7 17.Bxb7 Qxb7 18.f5 Rd8 19.Qe2 Nxf5 20.Bg5 Ne7 21.Rab1 Qc7 22.Bxe7 Qxe7
23.Rxb6 O-O 24.Rxa6 Qc5 25.h3 Rd4 26.Qf3 Rxc4 27.Ra8 f5 28.Rxf8+ Kxf8 29.Rd1 Rxa4
30.Qb3 Qc6 31.Qb8+ Kf7 32.Rd8 Ra1+ 33.Kh2 Qc5 34.Rd7+ Kg6 35.Qg3+ Kh5 36.Qf3+ Kh6
37.Qf4+ g5 38.Qd4 Qxd4 39.Rxd4 Kg6 40.Kg3 Ra3+ 41.Kf2 Rc3 42.Rd2 f4 43.Re2 Kf5
44.Ke1 e5 45.Kd2 Rg3  0-1

[Event "Open NK"]
[Site "Dieren NED"]
[Date "2011.07.21"]
[Round "3"]
[White "Kollen, Zyon"]
[Black "Sowray, Peter"]
[Result "0-1"]
[WhiteElo "2118"]
[BlackElo "2350"]

1.e4 c5 2.Nf3 e6 3.d4 cxd4 4.Nxd4 Nc6 5.Nc3 a6 6.Be3 Nf6 7.a3 d6 8.f3 Be7
9.Qd2 O-O 10.O-O-O Nxd4 11.Qxd4 b5 12.Kb1 Rb8 13.e5 dxe5 14.Qa7 Bd7 15.Bg5 Ra8
16.Qb7 Rb8 17.Qxa6 b4 18.axb4 Rxb4 19.Bxf6 Bxf6 20.Ne4 Qc7 21.c3 Rb6 22.Qc4 Qb7
23.Nxf6+ gxf6 24.Qg4+ Kh8 25.b4 Rc8 26.Qh4 Kg7 27.Bd3 Rxc3 28.Qxh7+ Kf8 29.Kb2 Rc8  0-1

[Event "III Corporation Cup A"]
[Site "Izhevsk RUS"]
[Date "2011.07.21"]
[Round "6"]
[White "Kokarev,Dm"]
[Black "Krutko,A"]
[Result "1/2-1/2"]
[WhiteElo "2596"]
[BlackElo "2386"]

1.e4 c5 2.Nf3 e6 3.d4 cxd4 4.Nxd4 Nc6 5.Nc3 d6 6.g4 Be7 7.Be3 a6 8.Rg1 h6
9.Qd2 Nf6 10.Be2 Nxd4 11.Qxd4 e5 12.Qd3 b5 13.O-O-O b4 14.Nd5 Nxd5 15.Qxd5 Be6
16.Qc6+ Bd7 17.Qb6 Qxb6 18.Bxb6 Bb5 19.Bd3 Kd7 20.Ba5 Rab8 21.c3 Rhc8 22.Kd2 bxc3+
23.Bxc3 Bxd3 24.Kxd3 Ke6 25.Ke2 Rc4 26.f3 Rb5 27.Rd3 g6 28.h3 d5 29.exd5+ Rxd5
30.Rxd5 Kxd5 31.Kd3 Rf4 32.Ke2 Rc4 33.Rc1 Bg5 34.Rd1+ Ke6 35.Rf1 f5 36.Re1 e4
37.fxe4 Rxe4+ 38.Kf3 Rxe1 39.Bxe1 fxg4+ 40.hxg4 h5 41.gxh5 Ke5  1/2-1/2

[Event "20th ch-MKD Open"]
[Site "Struga MKD"]
[Date "2011.07.21"]
[Round "6"]
[White "Gochev,M"]
[Black "Zmijanac,D"]
[Result "0-1"]
[WhiteElo "2292"]
[BlackElo "2179"]

1.e4 c5 2.Nf3 e6 3.d4 cxd4 4.Nxd4 Nc6 5.Nc3 Qc7 6.g3 a6 7.Bg2 d6 8.O-O Bd7
9.Nb3 Nf6 10.f4 Be7 11.Be3 Rc8 12.Qe2 Na5 13.Rad1 Nxb3 14.cxb3 Bc6 15.Rc1 Qb8
16.b4 b5 17.a3 O-O 18.Kh1 Qb7 19.Bg1 Rfd8 20.g4 Nd7 21.g5 Nf8 22.Rce1 e5
23.f5 Bxg5 24.Be3 Bf6 25.Rg1 Kh8 26.Ref1 Qe7 27.Qg4 h6 28.Qh5 Nh7 29.Rf3 Rg8
30.Rg3 Qf8 31.Bf3 Qe7 32.Bd1 Bb7 33.Bb3 Rxc3 34.bxc3 Bxe4+ 35.R1g2 d5 36.Rg4 Bxg2+
37.Rxg2 d4 38.cxd4 exd4 39.Bd2 Rf8 40.Re2 Qb7+ 41.Kg1 Ng5 42.Bf4 d3 43.Rg2 Qe4  0-1

[Event "Open NK"]
[Site "Dieren NED"]
[Date "2011.07.22"]
[Round "4"]
[White "Kuipers, Stefan"]
[Black "Vovk, Andrey"]
[Result "1/2-1/2"]
[WhiteElo "2365"]
[BlackElo "2551"]

1.e4 c5 2.Nf3 e6 3.d4 cxd4 4.Nxd4 Nc6 5.Nc3 Qc7 6.Be3 a6 7.Qd2 Nf6 8.O-O-O Bb4
9.f3 Ne5 10.Nb3 b5 11.Qe1 Rb8 12.Qg3 O-O 13.Bd4 Bd6 14.f4 Nh5 15.fxe5 Nxg3
16.exd6 Qxd6 17.hxg3 Qxg3 18.Bc5 Re8 19.Kb1 Qg5 20.e5 Bb7 21.Bd6 Rbc8 22.Bd3 h6
23.Ne4 Qxg2 24.Rhe1 Bxe4 25.Bxe4 Qf2 26.Nd4 Rc4 27.c3 Rec8 28.Bd3 R4c5 29.a4 bxa4
30.Bxa6 R8c7 31.Nc2 a3 32.Re2 Qf5 33.Bd3 Qf3 34.Bxc7 Rxc7 35.Nxa3 Rc5 36.Nc4 Qg4
37.b3 h5 38.Kc2 f5 39.exf6 gxf6 40.Ne3 Qf4 41.Rf1 Qc7 42.Rxf6 Rxc3+ 43.Kd2 Rxd3+
44.Kxd3 Qd6+ 45.Kc2 Qc7+ 46.Kb1 Qc3 47.Rg2+ Kh7 48.Rf7+ Kh6 49.Ka2 Qa5+ 50.Kb1 Qe1+
51.Kb2 Qxe3 52.Rf6+ Kh7 53.Rf7+ Kh6 54.Rf6+  1/2-1/2

[Event "Open NK"]
[Site "Dieren NED"]
[Date "2011.07.22"]
[Round "4"]
[White "Swinkels, Maurice"]
[Black "Partenheimer, Axel"]
[Result "1/2-1/2"]
[WhiteElo "2102"]
[BlackElo "2206"]

1.e4 c5 2.Nf3 e6 3.d4 cxd4 4.Nxd4 Nc6 5.Nc3 Qc7 6.Be2 a6 7.O-O Nf6 8.Be3 d6
9.f4 Be7 10.Kh1 O-O 11.a4 Re8 12.Qe1 Nxd4 13.Bxd4 e5 14.Be3 exf4 15.Bxf4 Be6
16.Qg3 Nd7 17.Nd5 Bxd5 18.exd5 Bf8 19.Bd3 Ne5 20.Rae1 g6 21.b3 Bg7 22.c4 Qb6
23.Bc2 Qc5 24.Be3 Qc7 25.Bb1 Rab8 26.Rc1 b6 27.Qf4 a5 28.Rce1 Re7 29.Bc1 Rbe8
30.Ba3 f5 31.Bc1 Nd7 32.Rxe7 Rxe7 33.Qg3 Nf6 34.Bg5 Rf7 35.Re1 Re7 36.Rf1 Rf7
37.h3 Nd7 38.Re1 Be5 39.Qh4 Qc5 40.Be3 Qc7 41.Bc2  1/2-1/2

[Event "III Corporation Cup A"]
[Site "Izhevsk RUS"]
[Date "2011.07.22"]
[Round "7"]
[White "Dogodkina,J"]
[Black "Mukhametgaleeva,R"]
[Result "1-0"]
[WhiteElo "2193"]
[BlackElo "1998"]

1.e4 c5 2.Nf3 e6 3.d4 cxd4 4.Nxd4 Nc6 5.Nc3 Qc7 6.Be3 Nf6 7.Bd3 a6 8.a4 Ne5
9.O-O Neg4 10.g3 Nxe3 11.fxe3 h5 12.Qf3 d6 13.Nce2 Ng4 14.Ra3 Ne5 15.Qf2 Ng4
16.Qf3 Ne5 17.Qg2 Be7 18.Nf4 Bd7 19.Be2 h4 20.Rc3 Nc6 21.Nd5 exd5 22.exd5 hxg3
23.hxg3 Bh3 24.Qh2 Rh6 25.Rf4 Qb6 26.dxc6 Qxb2 27.cxb7 Rb8 28.Rb3 Qc1+ 29.Kf2 Bg5
30.Re4+ Be6 31.Qg1 Rf6+ 32.Nf3 Qxc2 33.Qb1 Qc7 34.Kg2 Kd8 35.Rxe6 Rxe6 36.Nxg5 Rg6
37.Qxg6  1-0

[Event "III Corporation Cup A"]
[Site "Izhevsk RUS"]
[Date "2011.07.22"]
[Round "7"]
[White "Petrosian,DG"]
[Black "Aitbayev,A"]
[Result "1-0"]
[WhiteElo "2478"]
[BlackElo "2346"]

1.e4 c5 2.Nf3 Nc6 3.Nc3 e6 4.d4 cxd4 5.Nxd4 Qb6 6.Nb3 Nf6 7.Be3 Qc7 8.Qd2 Bb4
9.f3 O-O 10.a3 Be7 11.g4 a6 12.g5 Ne8 13.h4 Ne5 14.Qg2 b5 15.f4 Nc4 16.Bxc4 Qxc4
17.O-O-O a5 18.f5 a4 19.Nd2 Qc6 20.Nd5 exd5 21.exd5 Qc7 22.f6 Bxa3 23.bxa3 Qc3
24.Qf2 Qxa3+ 25.Kb1 Qb4+ 26.Kc1 Qa3+ 27.Kb1 Qb4+ 28.Kc1 d6 29.fxg7 Nxg7 30.Bd4 Nf5
31.Ne4 f6 32.gxf6 Rf7 33.Rhg1+ Kf8 34.Qg2 Qa3+ 35.Kb1 Qb4+ 36.Kc1 Qa3+ 37.Bb2 Qe3+
38.Kb1 Nh6 39.Bc1  1-0

[Event "Czech GM Open A"]
[Site "Pardubice CZE"]
[Date "2011.07.22"]
[Round "1.62"]
[White "Palecek,P"]
[Black "Gonzalez Menendez,I"]
[Result "0-1"]
[WhiteElo "2230"]
[BlackElo "2448"]

1.e4 c5 2.Nf3 e6 3.d4 cxd4 4.Nxd4 Nc6 5.Nc3 Qc7 6.Be2 a6 7.a3 Nf6 8.Be3 Be7
9.O-O O-O 10.Kh1 d6 11.f4 Bd7 12.Nb3 b5 13.Bf3 Rad8 14.Qe2 Rfe8 15.Qf2 Rb8
16.Rad1 a5 17.Qe2 a4 18.Nd4 Nxd4 19.Bxd4 e5 20.Be3 b4 21.axb4 a3 22.b5 axb2
23.Bd2 exf4 24.Rb1 Be6 25.Qf2 Nd7 26.Rxb2 Bf6 27.b6 Nxb6 28.Nb5 Qc5 29.Qxc5 dxc5
30.Rbb1 Ba2 31.Bxf4 Bxb1 32.Bxb8 Bxc2 33.Bc7 Bd3 34.Nd6 Re7 35.Bxb6 Bxf1
36.Bxc5 Rc7 37.Be3 Be5 38.Nf5 Bd3 39.Kg1 Rc4 40.Ne7+ Kf8 41.Nd5 Bd4 42.Kf2 Rc2+
43.Kg3 Be5+ 44.Bf4 f6 45.Kg4 g6 46.Bxe5 fxe5 47.Nf6 Bf1 48.Nxh7+ Kg7 49.Ng5 Bxg2
50.h4 Bxf3+ 51.Kxf3 Kf6 52.Nh7+ Ke7 53.Ng5 Rc1 54.Kg2 Rc8 55.Kg3 Rf8 56.Nh3 Kd6
57.Kg4 Kc5 58.h5 gxh5+ 59.Kxh5 Kd4 60.Ng5 Rh8+  0-1

[Event "Czech GM Open A"]
[Site "Pardubice CZE"]
[Date "2011.07.22"]
[Round "1.80"]
[White "Orujov,S"]
[Black "Plat,V"]
[Result "0-1"]
[WhiteElo "2204"]
[BlackElo "2410"]

1.e4 c5 2.Nf3 e6 3.d4 cxd4 4.Nxd4 Nc6 5.Nc3 a6 6.Be3 Nf6 7.Be2 Be7 8.O-O O-O
9.f4 Nxd4 10.Bxd4 d6 11.a4 Bd7 12.Qd2 Bc6 13.Bf3 b5 14.axb5 axb5 15.Rxa8 Qxa8
16.e5 dxe5 17.fxe5 Nd7 18.Nxb5 Bxf3 19.gxf3 Rd8 20.Qe2 Qc6 21.c4 Nf8 22.Rd1 Ng6
23.b3 Nh4 24.Rd3 Qa8 25.Kf2 Nf5 26.Be3 Rxd3 27.Qxd3 Qa1 28.Nd6 Qb2+ 29.Kf1 Qa1+
30.Kf2 Qxe5 31.Nxf5 Qxh2+ 32.Ke1 Qh1+ 33.Ke2 exf5 34.Qd7 Qh2+ 35.Kd3 Bf8
36.c5 Qb2 37.Qd5 Qb1+ 38.Kc3 Qa1+ 39.Kc2 Qa2+ 40.Kc3 Qe2 41.Bd2 Qb5 42.b4 h5
43.Qc4 Qc6 44.Qd3 g6 45.Kc4 h4 46.Qd5 Qa6+ 47.Kb3 h3 48.Bf4 Qf1 49.Ka4 Qe2
50.Qd8 h2 51.Bxh2 Qxh2 52.c6 Qf4 53.Kb5 Qxb4+ 54.Ka6 Qc4+ 55.Kb6 Qc5+  0-1

[Event "Czech GM Open A"]
[Site "Pardubice CZE"]
[Date "2011.07.22"]
[Round "1.6"]
[White "Tuma,Ji"]
[Black "Jaracz,P"]
[Result "0-1"]
[WhiteElo "2304"]
[BlackElo "2575"]

1.e4 c5 2.Nf3 e6 3.d4 cxd4 4.Nxd4 Nc6 5.Nc3 Qc7 6.g3 a6 7.Bg2 d6 8.O-O Be7
9.Re1 Bd7 10.Nce2 Rc8 11.Nxc6 Bxc6 12.c4 Nf6 13.Nd4 Bd7 14.b3 b5 15.cxb5 axb5
16.Bd2 O-O 17.Bb4 e5 18.Ne2 Rfe8 19.Nc3 Bf8 20.Rc1 Qb6 21.Qe2 Rc7 22.Qd2 Rec8
23.Ne2 Rxc1 24.Rxc1 Rxc1+ 25.Qxc1 Bc6 26.Qc2 g6 27.h3 Nd7 28.a3 Nc5 29.Bxc5 dxc5
30.Nc3 c4 31.bxc4 bxc4 32.Nd5 Qb3 33.Qc1 Bxd5 34.exd5 Bxa3 35.Qe3 c3 36.Be4 Bd6
37.Qe2 Qb4 38.Bc2 h5 39.h4 Kg7 40.Qd3 Qc5 41.Kg2 f5 42.Bb3 Qb4 43.Bc2 e4
44.Qa6 Kh6 45.Qa4 Qb8 46.Qd7 Bc5 47.Qc6 Qb4 48.Qf6 Bd4 49.Qc6 Qb2 50.Qa4 Qb6
51.Qc6 Bxf2 52.Qxc3 Bd4 53.Qc4 Be5 54.Qb3 Qd4 55.Bd1 Qd2+ 56.Kh3 Qf2 57.Bc2 e3  0-1

[Event "15th Battle of Senta Open"]
[Site "Senta SRB"]
[Date "2011.07.22"]
[Round "8.19"]
[White "Cica,Dr"]
[Black "Miladinovic,L"]
[Result "0-1"]
[WhiteElo "1973"]
[BlackElo "2074"]

1.e4 c5 2.Nf3 e6 3.d4 cxd4 4.Nxd4 Nc6 5.Nc3 Qc7 6.Be2 Nf6 7.O-O Be7 8.Be3 O-O
9.f4 d6 10.Bf3 a6 11.Kh1 Rd8 12.g4 Nxd4 13.Bxd4 e5 14.Bg1 d5 15.Nxd5 Nxd5
16.exd5 exf4 17.Qe2 f5 18.g5 Re8 19.c4 Bd7 20.Qc2 b6 21.Rac1 Rac8 22.a3 a5
23.Rfd1 Bd6 24.Bd4 Bc5 25.Qd2 Re3 26.Bxe3 fxe3 27.Qe2 Qe5 28.d6 Kh8 29.Rd3 f4
30.Rd5 Qe6 31.g6 h6 32.b4 axb4 33.axb4 Bxb4 34.Qb2 Bd2 35.Rd1 Qh3 36.Bg2 Qg4
37.R5xd2 exd2 38.Rxd2 f3 39.Bf1 Bc6 40.Rf2 Qxg6 41.Bh3 Re8 42.Qb4 Qg5 43.Qxb6 Bd7
44.Rxf3 Bxh3 45.Qb1 Qg2+  0-1

[Event "ch-SWE Master Elite"]
[Site "Vasteras SWE"]
[Date "2011.07.22"]
[Round "7"]
[White "Westerberg,J"]
[Black "Tikkanen,H"]
[Result "0-1"]
[WhiteElo "2313"]
[BlackElo "2596"]

1.e4 c5 2.Nf3 e6 3.d4 cxd4 4.Nxd4 Nc6 5.Nc3 Qc7 6.Be2 a6 7.O-O Nf6 8.Be3 Bb4
9.Na4 O-O 10.Nxc6 bxc6 11.Nb6 Rb8 12.Nxc8 Rfxc8 13.Bxa6 Rd8 14.Bd3 Bd6 15.f4 e5
16.f5 Rxb2 17.g4 Qa5 18.Kh1 Bc5 19.Bd2 Bb4 20.Bc1 Rxa2 21.Rxa2 Qxa2 22.g5 Ne8
23.Qe2 d5 24.g6 f6 25.gxh7+ Kh8 26.Qg2 Bf8 27.Be3 Nd6 28.Bc5 dxe4 29.Bxd6 exd3
30.Bxf8 Rxf8 31.Qxc6 Qxc2  0-1

[Event "2nd Vaujany Open A"]
[Site "Vaujany FRA"]
[Date "2011.07.22"]
[Round "9.7"]
[White "Olivier,JC"]
[Black "Berescu,A"]
[Result "0-1"]
[WhiteElo "2388"]
[BlackElo "2465"]

1.e4 c5 2.Nf3 e6 3.d4 cxd4 4.Nxd4 Nc6 5.Nc3 Qc7 6.Be3 a6 7.Bd3 Nf6 8.O-O h5
9.h3 b5 10.Nxc6 Qxc6 11.e5 Bb7 12.f3 Nd5 13.Be4 Nxc3 14.Bxc6 Nxd1 15.Bxb7 Nxe3
16.Bxa8 Bc5 17.Rfc1 Ke7 18.Be4 Nc4+ 19.Kh1 Nxb2 20.f4 h4 21.Rf1 g6 22.Rf3 Rb8
23.Rb1 Nc4 24.Rd1 Rb6 25.Kh2 a5 26.g3 hxg3+ 27.Kxg3 b4 28.h4 a4 29.Bd3 Ne3
30.Re1 Nd5 31.h5 gxh5 32.Rh1 Rb8 33.Rxh5 Rg8+ 34.Kh3 Bd4 35.Rh7 Rg1 36.Kh2 Rg4
37.f5 Bxe5+ 38.Kh1 Nf6 39.Rhh3 Bd4 40.Rfg3 e5 41.Bb5 a3 42.Rxg4 Nxg4 43.Rh8 Ne3
44.Rc8 Nxf5 45.Rc7 Nd6 46.Rxd7+ Ke6 47.Bc6 f5 48.Kh2 Nc4 49.Rb7 Bc3 50.Ba4 Kf6
51.Bb3 Nd2 52.Rf7+ Kg5 53.Be6 Nf3+ 54.Kg2 Nd4 55.Bd7 Kf4 56.Rh7 Nxc2 57.Rh4+ Kg5
58.Rh3 e4 59.Rg3+ Kf4 60.Rg8 b3  0-1

[Event "Najdorf Memorial"]
[Site "Warsaw POL"]
[Date "2011.07.22"]
[Round "9"]
[White "Baghdasaryan,V"]
[Black "Piorun,K"]
[Result "0-1"]
[WhiteElo "2289"]
[BlackElo "2514"]

1.e4 c5 2.Nf3 e6 3.d4 cxd4 4.Nxd4 Nc6 5.Nc3 d6 6.g4 Nge7 7.Be3 Nxd4 8.Qxd4 Nc6
9.Qd2 a6 10.O-O-O Qa5 11.f4 b5 12.Kb1 Be7 13.Bg2 Bd7 14.g5 O-O 15.Qf2 Rab8
16.e5 d5 17.Ne4 Rfc8 18.Nf6+ Bxf6 19.gxf6 Nb4 20.a3 Nxc2 21.Rc1 Nxe3 22.Qxe3 gxf6
23.exf6 Kh8 24.f5 b4 25.Rxc8+ Rxc8 26.fxe6 Bxe6 27.Bh3 Bxh3 28.Qxh3 Rg8 29.Rc1 Qb6
30.Rf1 b3 31.a4 Qb4 32.Qd7 Qc4 33.Rc1 Qd4 34.Qc6 Qd3+ 35.Ka1 d4 36.Qd7 Qc2
37.Re1 d3 38.Qd4 d2 39.Rb1 Rc8 40.Qg1 Rg8 41.Qd4 Re8  0-1

[Event "Biel MTO Open"]
[Site "Biel SUI"]
[Date "2011.07.23"]
[Round "6"]
[White "Bok,B"]
[Black "Gharamian,T"]
[Result "0-1"]
[WhiteElo "2507"]
[BlackElo "2670"]

1.e4 c5 2.Nf3 e6 3.d4 cxd4 4.Nxd4 Nc6 5.Nc3 Qc7 6.Be3 a6 7.Qd2 Nf6 8.O-O-O Be7
9.f3 O-O 10.g4 b5 11.g5 Nh5 12.Nce2 Rd8 13.Ng3 Nxd4 14.Qxd4 Nf4 15.h4 Bb7
16.Kb1 Rac8 17.Qd2 Ng6 18.h5 Ne5 19.f4 Ng4 20.Bd3 d5 21.Qe2 dxe4 22.Nxe4 Nxe3
23.Qxe3 Bd5 24.Rhg1 Qa5 25.b3 Bxe4 26.Qxe4 g6 27.Qe2 Qc3 28.Qe1 Qd4 29.Be4 Qxd1+
30.Qxd1 Rxd1+ 31.Rxd1 b4 32.hxg6 hxg6 33.Kc1 Rc5 34.Rd7 Kf8 35.Rb7 Bd6 36.Rxb4 Bxf4+
37.Kb2 Bxg5 38.Rb8+ Kg7 39.b4 Re5 40.Bd3 Be3 41.Bxa6 g5 42.b5 g4 43.b6 Ra5
44.b7 Bf4 45.Ra8 g3 46.Bf1 Rb5+ 47.Bxb5 g2 48.b8=Q Bxb8 49.Rxb8 g1=Q 50.a4 Qc5
51.c3 Qc7 52.Re8 Qb6 53.Kb3 f5 54.Kb4 Qd6+ 55.Kb3 f4 56.a5 f3 57.a6 Qc5 58.Bf1 f2
59.Kb2 Qd6 60.Kc2 e5 61.Ra8 Qg6+ 62.Kd2 Qe4 63.Ra7+ Kf6 64.Be2 Qf4+ 65.Kc2 f1=Q
66.Bxf1 Qf2+  0-1

[Event "Helmut-Kohls-Turnier 2011"]
[Site "Dortmund GER"]
[Date "2011.07.23"]
[Round "2"]
[White "Van Kampen,R"]
[Black "Savchenko,Via"]
[Result "1-0"]
[WhiteElo "2519"]
[BlackElo "2437"]

1.e4 c5 2.Nf3 e6 3.d4 cxd4 4.Nxd4 Nc6 5.Nc3 d6 6.Be3 Nf6 7.f3 Be7 8.Qd2 O-O
9.O-O-O a6 10.g4 Nd7 11.Kb1 Nde5 12.Qg2 Bd7 13.h4 Rc8 14.g5 Na5 15.Nce2 Ba4
16.b3 Qc7 17.Bc1 Bd7 18.f4 Nec6 19.Bb2 Rfd8 20.h5 Bf8 21.g6 Ne7 22.gxf7+ Kxf7
23.Ng3 Nac6 24.Nf3 b5 25.Ng5+ Kg8 26.h6 gxh6 27.Nh5 hxg5 28.Nf6+ Kf7 29.Rxh7+ Bg7
30.Rxg7+ Kxg7 31.Ne8+ Kf7 32.Nxc7 Rxc7 33.Qxg5 Rg8 34.Qh5+ Kf8 35.Bh3 d5
36.f5 exf5 37.exd5  1-0

[Event "1st Hangzhou WGM"]
[Site "Hangzhou CHN"]
[Date "2011.07.23"]
[Round "9"]
[White "Kosintseva,T"]
[Black "Dzagnidze,N"]
[Result "0-1"]
[WhiteElo "2557"]
[BlackElo "2537"]

1.e4 c5 2.Nf3 e6 3.d4 cxd4 4.Nxd4 Nc6 5.Nc3 Qc7 6.Be3 a6 7.Qd2 Nf6 8.O-O-O Bb4
9.f3 b5 10.Bf4 Ne5 11.Kb1 Bxc3 12.Qxc3 Qxc3 13.bxc3 d6 14.Nb3 Ke7 15.Na5 Nfd7
16.Be2 Nb6 17.Bxe5 dxe5 18.Nc6+ Kf6 19.f4 exf4 20.e5+ Kg5 21.g4 g6 22.h4+ Kh6
23.g5+ Kg7 24.Rhf1 Bb7 25.Na5 Bd5 26.Rxf4 Rhc8 27.h5 Rxc3 28.Bd3 Rac8 29.Rdf1 R8c7
30.R1f2 Nc4 31.Bxc4 bxc4 32.Kb2 Re3 33.h6+ Kf8 34.c3 Rxe5 35.Rd2 Rxg5  0-1

[Event "III Corporation Cup A"]
[Site "Izhevsk RUS"]
[Date "2011.07.23"]
[Round "8"]
[White "Nozdrachev,V"]
[Black "Krutko,A"]
[Result "0-1"]
[WhiteElo "2443"]
[BlackElo "2386"]

1.e4 c5 2.Nf3 e6 3.d4 cxd4 4.Nxd4 Nc6 5.Nc3 Qc7 6.Be3 a6 7.a3 b5 8.Be2 Nf6
9.O-O Bb7 10.f4 Bc5 11.Qd3 b4 12.Na4 Bxd4 13.Bxd4 Nxd4 14.Qxd4 Qxc2 15.Nc5 Qxe2
16.Nxb7 O-O 17.Rae1 Qc2 18.axb4 Rfb8 19.Nd6 Qa4 20.Rc1 Rxb4 21.Qc5 h6 22.Ra1 Qb3
23.e5 Nd5 24.Rxa6 Rxa6 25.Qc8+ Kh7 26.Qxa6 Rxf4 27.Qe2 Qb6+ 28.Rf2 f5 29.g3 Ra4
30.Qd1 Qa7 31.Qf3 Ne3 32.h3 Nd1 33.Qxd1 Ra1 34.Qxa1 Qxa1+ 35.Kg2 Qe1  0-1

[Event "III Corporation Cup A"]
[Site "Izhevsk RUS"]
[Date "2011.07.23"]
[Round "8"]
[White "Bezzubenkov,S"]
[Black "Kozionov,Kirill"]
[Result "1-0"]
[WhiteElo "2118"]
[BlackElo "2228"]

1.e4 c5 2.Nf3 e6 3.d4 cxd4 4.Nxd4 Nc6 5.Nc3 Qc7 6.Be2 a6 7.O-O Nf6 8.Be3 Bb4
9.Na4 O-O 10.c4 Nxe4 11.Bf3 Nf6 12.c5 Ba5 13.Nb3 Re8 14.Nxa5 Nxa5 15.Rc1 Nc6
16.Kh1 e5 17.Qd2 Ne7 18.Rfd1 h6 19.Nb6 Rb8 20.Nc4 Nf5 21.Nd6 Nxd6 22.cxd6 Qd8
23.Qb4 b6 24.Rc7 e4 25.Be2 Bb7 26.Bc4 b5 27.Bb3 Ng4 28.Qd4 Bc6 29.h3 Ne5
30.Rc1 a5 31.a3 a4 32.Ba2 Nd3 33.R1xc6 dxc6 34.Bxf7+ Kf8 35.Bxe8 Kxe8 36.Qxe4+ Kf8
37.Qxd3  1-0

[Event "4th Paleohora Open"]
[Site "Paleochora GRE"]
[Date "2011.07.23"]
[Round "5"]
[White "Georgiadis,I"]
[Black "Kryvoruchko,Y"]
[Result "0-1"]
[WhiteElo "2464"]
[BlackElo "2652"]

1.e4 c5 2.Nf3 e6 3.d4 cxd4 4.Nxd4 Nc6 5.Nc3 Qc7 6.Be3 a6 7.Qd2 Nf6 8.O-O-O Bb4
9.f3 Ne7 10.Nde2 d5 11.Bg5 dxe4 12.Bxf6 gxf6 13.Qd4 exf3 14.Qxb4 fxe2 15.Bxe2 f5
16.Bf3 O-O 17.h4 e5 18.g4 a5 19.Qa3 fxg4 20.Nb5 Qc4 21.Qxe7 Bf5 22.Qg5+ Bg6
23.Na3 Qxa2 24.Be4 Qa1+ 25.Nb1 Qa4 26.Bxg6 hxg6 27.Qxe5 Rac8 28.Na3 Rfe8
29.Qd4 Qxd4 30.Rxd4 f5 31.h5 Rcd8 32.Nb5 Rxd4 33.Nxd4 Kg7 34.Kd2 Rh8 35.Re1 Rxh5
36.Re7+ Kf6 37.Rxb7 f4 38.Kd3 g3 39.Nf3 Rh1  0-1

[Event "4th Paleohora Open"]
[Site "Paleochora GRE"]
[Date "2011.07.23"]
[Round "5"]
[White "Videnova,I"]
[Black "Michelakos,P"]
[Result "1/2-1/2"]
[WhiteElo "2353"]
[BlackElo "2111"]

1.e4 c5 2.Nf3 e6 3.d4 cxd4 4.Nxd4 Nc6 5.Nc3 Qc7 6.Be3 a6 7.Be2 Nf6 8.O-O Bb4
9.Na4 Be7 10.Nxc6 bxc6 11.Nb6 Rb8 12.Nxc8 Qxc8 13.Bd4 Qc7 14.e5 Nd5 15.c4 Nf4
16.Bg4 O-O 17.Re1 f5 18.Bf3 Bb4 19.Rf1 c5 20.Be3 Ng6 21.Qd6 Qxd6 22.exd6 f4
23.Bc1 Ne5 24.Be2 g5 25.a3 Ba5 26.Rd1 Rb3 27.f3 Bd8 28.Bd2 Rxb2 29.Rab1 Ra2
30.Ra1 Rxa1 31.Rxa1 Nc6 32.Rb1 Bf6 33.Bd3 Rb8 34.Rxb8+ Nxb8 35.Ba5 Nc6 36.Bb6 Bd4+
37.Kf1 Ne5 38.Ke2 Nf7 39.Bc2 Nxd6 40.Ba4 Kf7 41.Bxd7 Ke7 42.Bc6 Nxc4 43.Bc7 Nxa3
44.Bb7 Nb5 45.Ba5 Nd6 46.Bxa6 Kd7 47.Kd3 Nf5 48.Ke2 Kd6 49.Be1 Ne3 50.g4 Nd5
51.h4 h6 52.hxg5 hxg5 53.Kd3 Nf6 54.Ba5 Nd7 55.Ke4 Bf6 56.Bb5 Ne5 57.Bc3 Nxg4
58.fxg4 Bxc3 59.Be2 Bd2 60.Kd3 Ke5 61.Bf3 Be3 62.Kc4 Bd4 63.Kd3 Kd6 64.Kc4 Kc7
65.Kb5 Kd6 66.Kc4 Bg7 67.Kb5 Bc3 68.Kc4 Bb4 69.Kb5 Ba3 70.Kc4 Ke5 71.Kd3  1/2-1/2